000 00304nam a22001337a 4500
008 170213b xxu||||| |||| 00| 0 eng d
020 _a9780838515914
041 _aeng
080 _23ED
_a61
100 _a4
101 _aSHM
245 _aCURRENT MEDICAL DIAGNOSIS TREATMENT
_cTIERNEY
942 _2udc
_cBK
999 _c5218
_d5218